000 01017nam a2200265Ia 4500
003 OSt
005 20221005103250.0
006 a|||||r|||| 00| 0
007 ta
008 221004b |||||||| |||| 00| 0 hin d
020 _a9789380455631 (hbk)
024 _a8313
037 _bGift, 04/01/2014,
_cTextual
040 _aCRL
_cCRL
_bhin
041 _2hin
_ahin
082 _aO152,3N44:g(Y15), Q3
100 _aमीणा, हीरा
245 0 _aमैत्रेयी पुष्पा के उपन्यासो में नारी दशा और दिशा
246 _aMaitreyī puṣhpā ke upanyāso mean nārī dashā aur dishā
260 _aगाजियाबाद
_bउद्योग नगर प्रकाशन भारत
_c2013
300 _a208पृ0
_ccm.
650 _aहिन्दी साहित्य
942 _hO152,3N44:g(Y15), Q3
_cTEXL
_2cc
999 _c1009736
_d1009736